000 01300nam0a22003011 4500
001 rc\21444
005 20250620120447.0
010 _a5-87623-001-4
_93000
035 _a(NLR Aleph) 005308643
090 _a6363300
_c6363300
100 _a20021204d1994 |||y0rusy50 ca
101 0 _arus
102 _aRU
105 _aa |||||||||
200 1 _aРентгенографический и электронно-оптический анализ
_e[Учеб. пособие для вузов по направлению "Материаловедение и технология новых материалов"]
_fС.С. Горелик, Ю.А. Скаков, Л.Н. Расторгуев
205 _a3-е изд., перераб. и доп.
210 _aМ.
_cМИСИС
_d1994
215 _a327, [1] с.
_cил.
_d27
320 _aБиблиогр. в конце разделов
700 1 _4070
_7ca
_8rus
_aГорелик
_bС. С.
_f1911-2007
_gСемен Самуилович
_92641265
_3RU\NLR\AUTH\770273035
701 1 _aСкаков
_bЮ.А.
_gЮрий Александрович
701 1 _aРасторгуев
_bЛ.Н.
_gЛеонид Николаевич
801 0 _aRU
_bNLR
_gpsbo
801 1 _aRU
_bELAR
_2rusmarc
852 _aNLR
_j94-7/825
942 _cBOOK
980 _aNB